000 003450000a22000970004500
100 1 _aVillanueva, César
245 1 0 _aThe young and the rootless : Bereft of traditional values, Medellín youth drift in a search for meaning
300 _aVol. 71, Num. 4 (Octubre-Diciembre, 1991), Páginas 9-10
773 0 _tLatin America Evangelist
942 _cANA
999 _c54609
_d54609